Comoediae superstites viginti : Novissime recognitae ... T. III.

Hlavní autor: Plautus, asi 251 př. Kr.-asi 184 př. Kr.
Jazyk: Latina
Vydáno: Viennae : F.A. Schraembl, 1792
Témata:
Fyzický popis: 287 s. ; 8°
Knihy
Uloženo v:
LEADER 00777nam a22002657a 4500
001 mzk03001222916
003 CZ BrMZK
005 20151113121628.0
007 ta
008 050607s1792 au c fr|||||00| ||latod
040 |a BOA001  |b cze  |c BOA001 
072 7 |a 094  |x Staré tisky  |2 Konspekt  |9 12 
080 |a (0.068)094  |2 MRF 
100 0 |a Plautus,  |d asi 251 př. Kr.-asi 184 př. Kr.  |7 jn19981001997  |4 aut 
245 1 0 |a Comoediae superstites viginti :  |b Novissime recognitae ...  |n T. III. 
260 |a Viennae :  |b F.A. Schraembl,  |c 1792 
300 |a 287 s. ;  |c 8° 
655 7 |a staré tisky  |7 fd422076  |2 czenas 
903 |a RP 
910 |a BOE452  |b Mn 
978 |b Schrämbl, Franz Anton  |a Wien  |c 1792 
984 |a Vídeň  |b Rakousko 
985 |a 1751-1800 
990 |a BK 
991 |k minorite